| 000 | 01397namaa22003371i 4500 | ||
|---|---|---|---|
| 003 | EG-GICUC | ||
| 005 | 20260421132858.0 | ||
| 008 | 260412s2013 su ||||jr|||| 000 0 ara d | ||
| 017 |
_a1434 / 2814 _bمكتبة الملك فهد الوطنية (السعودية) |
||
| 020 | _a9789960757841 | ||
| 040 |
_aEG-GiCUC _bara _cEG-GiCUC _dEG-GiCUC _erda |
||
| 082 | 0 | 4 |
_221 _a811.009531 _bM2514 |
| 092 | 0 | 4 |
_221 _a811.009531 _bM2514 |
| 099 | _a811.009531 M2514 | ||
| 100 | 1 |
_aالمالكى، منى _eمؤلف. |
|
| 245 | 1 | 0 |
_aعندما يحكى الثبيتى : _bدراسة نقدية للسردية الشعرية السعودية فى الثملنينيات / _cمنى المالكى |
| 250 | _aالطبعة الاولى | ||
| 264 |
_aجدة (السعودية) : _bالنادى الادبى الثقافى، _c2013. |
||
| 300 |
_a170 صفحة _b؛ _c24 سم |
||
| 336 |
_2rdacontent _atext |
||
| 337 |
_2rdamedia _aUnmediated |
||
| 338 |
_2rdacarrier _avolume |
||
| 490 |
_aاصدارات النادى الأدبى الثقافى ؛ _v166 |
||
| 504 | _aيشتمل على ارجاعات ببليوجرافية | ||
| 541 |
_aد. جابر عصفور ؛ _bالقاهرة ؛ _cإهداء ؛ _d2024. |
||
| 600 | _aالثبتى، محمد | ||
| 650 | 1 | 7 |
_aالشعر العربى _xتاريخ ونقد _zالسعودية _2qrmak |
| 651 | 1 | _2qrmak | |
| 905 | _aNermeen | ||
| 942 |
_2ddc _cBK _e21 _n0 |
||
| 999 |
_c179410 _d179410 |
||